| 000 | 02013nam a2200493Ii 4500 | ||
|---|---|---|---|
| 001 | DIGARTEP0027 | ||
| 003 | NyNyDIG | ||
| 008 | 141001s1994 txua jo 000 0 eng d | ||
| 006 | m o d | ||
| 007 | cr ||||||||||| | ||
| 020 |
_a9781611920086 _q(eBook) |
||
| 020 |
_a1611920086 _q(eBook) |
||
| 020 |
_z9781558851214 _q(pbk : _qalk. paper) |
||
| 020 |
_z1558851216 _q(pbk : _qalk. paper) |
||
| 035 | _a(OCoLC)656641906 | ||
| 040 |
_aDGITA _beng _erda _epn _cDGITA |
||
| 041 | 0 | _aengspa | |
| 050 | 1 | 4 | _aPS3563.O73 eBook |
| 100 | 1 |
_aMora, Pat, _eauthor. |
|
| 245 | 1 | 4 |
_aThe desert is my mother = _bEl desierto es mi madre \ _cby Pat Mora ; art by Daniel Lechón. |
| 246 | 3 | 1 | _aDesierto es mi madre |
| 264 | 1 |
_aHouston, Texas : _bPiñata Books, _c1994. |
|
| 300 |
_a1 online resource (1 v. (unpaged)) : _billustrations. |
||
| 336 |
_atext _btxt _2rdacontent |
||
| 337 |
_acomputer _bc _2rdamedia |
||
| 338 |
_aonline resource _bcr _2rdacarrier |
||
| 520 | _aA poetic depiction of the desert as the provider of comfort, food, spirit, and life. | ||
| 546 | _aEnglish; Parallel English and Spanish texts = Textos paralelos en inglés y español. | ||
| 588 | 0 | _aOnline resource; title from ePub and PDF title page (Digitalia, viewed October 13, 2014) | |
| 650 | 0 |
_aDeserts _vJuvenile poetry. |
|
| 650 | 0 |
_aChildren's poetry, American _vTranslations into Spanish. |
|
| 650 | 0 | _aChildren's poetry, American. | |
| 650 | 1 |
_aDeserts _xPoetry. |
|
| 650 | 1 | _aAmerican poetry. | |
| 650 | 1 |
_aSpanish language materials _xBilingual. |
|
| 655 | 0 | _aElectronic books. | |
| 700 | 1 |
_aLechón, Daniel, _eillustrator. |
|
| 791 | 2 |
_aDigitalia (Firm), _edistributor. |
|
| 793 | 0 |
_gDigitalia eBook Collection: _aArte Público Press. |
|
| 776 | 0 | 8 |
_iPrint version: _aMora, Pat. _tDesert is my mother. _dHouston, Texas : Piñata Books, c1994 _z9781558851214 _w(OCoLC)30510310 |
| 856 | 4 | 0 |
_3Digitalia Hispánica _uhttps://www.digitaliapublishing.com/a/23127/ |
| 910 | _aPremium Collection: 2014 | ||
| 942 | _cRAA | ||
| 999 |
_c237472 _d237472 |
||